000
00408nam a22001697a 4500
003
MPLRDC
005
20220104123811.0
008
210129b ||||| |||| 00| 0 eng d
082
_a
690 WXYB
100
_a
文学月报编辑部编
245
_a
武陵风情
_c
250
_a
一版一刷
260
_a
_b
湖南人民出版社
_c
1985
300
_b
平
650
_a
中国游记
942
_c
BK
_o
690 WXYB
999
_c
14303
_d
14293